00640nam a2200157Ia 4500008004100000020001800041041000800059082001800067100002100085245013000106250000600236260004100242300001200283999001900295952016800314210716s2015 xx 000 0 und d a9788126542581 aeng a005.3002 GOTI aGottlieb, Isaac. aNext generation excel: modeling in microsoft excel for analysts and MBAs.bModeling in microsoft excel for analysts and MBAs. a2 aNew DelhibWiley India Pvt Ltdc2015 axxi,394 c195502d195502 00102ddc40708MCAaAIMITbAIMITeKnowledge Worldg699.00iBill no:281;Billdt:2016-10-07l0o005.3002 GOTIpMCA15011r2026-05-23 00:00:00v524.25w2021-07-16yBK